| 000 | 00747cam a2200229 4500 | ||
|---|---|---|---|
| 001 | WB3603-12 | ||
| 008 | 000000n2000 000 0 eng u | ||
| 035 | _a(Sirsi) u103687 | ||
| 245 | _aMinisters reject traffic target | ||
| 260 | _c2000 | ||
| 490 |
_aFinancial Times _v18 January 2000, 2(1) |
||
| 520 | _aGovernment has decided to move towards local targets for reductions in traffic congestion and pollution rather than to set a national target, as some campaign groups have suggested. | ||
| 590 | _aWB | ||
| 650 | _aTRAFFIC CONGESTION | ||
| 650 | _aPOLLUTION | ||
| 650 | _aTARGETS | ||
| 650 | _aLOCAL LEVEL | ||
| 650 | _aAIR QUALITY | ||
| 650 | _aGOVERNMENT POLICY | ||
| 690 | _aENVIRONMENTAL AND LAND CONSULTANCY | ||
| 942 | _n0 | ||
| 999 |
_c62264 _d62264 |
||